Central Library and Information Centre
Sibsagar Girls' College, Sivasagar : Assam

PURNANGA KATHA GURU CHARIT (Record no. 10526)

MARC details
000 -LEADER
fixed length control field 00391cam a2200169ua 4500
008 - FIXED-LENGTH DATA ELEMENTS--GENERAL INFORMATION
fixed length control field 141115n2007 II |||gr||||Z||||||asm
040 ## - CATALOGING SOURCE
Original cataloging agency MAIN
041 ## - LANGUAGE CODE
-- English
082 ## - DEWEY DECIMAL CLASSIFICATION NUMBER
Classification number 200 BOR
100 ## - MAIN ENTRY--PERSONAL NAME
Personal name BORKAKATI, SANJIB KR.
245 ## - TITLE STATEMENT
Title PURNANGA KATHA GURU CHARIT
260 ## - PUBLICATION, DISTRIBUTION, ETC.
Place of publication, distribution, etc. GUWAHATI
Name of publisher, distributor, etc. BANI MANDIR
Date of publication, distribution, etc. 2007
300 ## - PHYSICAL DESCRIPTION
Extent 705.:
Dimensions 25CM.
942 ## - ADDED ENTRY ELEMENTS (KOHA)
Koha item type Books
653 ## - INDEX TERM--UNCONTROLLED
Uncontrolled term Religion
Holdings
Withdrawn status Lost status Damaged status Not for loan Collection code Home library Current library Shelving location Date acquired Full call number Barcode Date last seen Copy number Price effective from Koha item type Public note
        REFASM Central Library and Information Centre Sibsagar Girls College Central Library and Information Centre Sibsagar Girls College Religious Books 01.08.2006 200 BOR 21635 27.02.2020 1 27.02.2020 Books V


Sibsagar Girl's College © 2020. All rights reserved.
Powered by Koha.
Maintained by Abhijit Borpuzari.